000 00873nam a2200277 a 4500
008
020 _a027365182X (pbk.)
049 _aMAIN
090 _aHF5415.33.E85
_bSOL
100 1 _aSolomon, Michael R.
245 1 0 _aConsumer behaviour :
_ba European perspective /
_cMichael Solomon, Gary Bamossy, Soren Askegaard.
246 3 _aConsumer behavior.
250 _a2nd ed.
260 _aHarlow :
_bFinancial Times/Prentice-Hall,
_c2002.
300 _axxiii, 630 p. :
_bcol. ill. ;
_c27 cm.
504 _aIncludes bibliographical references.
500 _aIncludes index.
650 0 _aConsumer behavior
_zEurope.
700 1 _aBarmossy, Gary.
700 1 _aAskegaard, Soren.
907 _a.b10160310
_b24-09-12
_c21-03-05
003
005 20230123133957.0
040 _cNUST
942 _cBOOKS
_kHF5415.33.E85
_mSOL
999 _c157895
_d157895